American Country : A Style And Source Book (Record no. 18426)

MARC details
000 -LEADER
fixed length control field 00461nam a2200169Ia 4500
008 - FIXED-LENGTH DATA ELEMENTS--GENERAL INFORMATION
fixed length control field 220803s9999 xx 000 0 und d
020 ## - INTERNATIONAL STANDARD BOOK NUMBER
International Standard Book Number 0-517-538466
041 ## - LANGUAGE CODE
Language code of text/sound track or separate title eng
082 ## - DEWEY DECIMAL CLASSIFICATION NUMBER
Classification number 747.213 EMM
100 ## - MAIN ENTRY--PERSONAL NAME
Personal name Emmerling M E
9 (RLIN) 29404
245 ## - TITLE STATEMENT
Title American Country : A Style And Source Book
260 ## - PUBLICATION, DISTRIBUTION, ETC. (IMPRINT)
Place of publication, distribution, etc. New York
Name of publisher, distributor, etc. Clarkson N Potter Inc
Date of publication, distribution, etc. 1980
300 ## - PHYSICAL DESCRIPTION
Extent 292p
500 ## - GENERAL NOTE
Keywords Architecture
650 ## - SUBJECT ADDED ENTRY--TOPICAL TERM
Topical term or geographic name as entry element Interior Design
9 (RLIN) 29405
700 ## - ADDED ENTRY--PERSONAL NAME
Personal name Emmerling M E
9 (RLIN) 29404
Holdings
Withdrawn status Lost status Damaged status Not for loan Home library Current library Shelving location Date acquired Vendor Total Checkouts Full call number Barcode Date last seen Bill Date Koha item type Original Barcode
        Dr. Bhanuben Nanavati College of Architecture Dr. Bhanuben Nanavati College of Architecture   24/12/2013 Ar.Lakdawala Zohar   747.213 EMM BNCA-DB-1024 03/08/2022 03/08/2022 Donated Book DB001024